Accounting for management / (Record no. 75666)

MARC details
000 -LEADER
fixed length control field 00646nam a22002177a 4500
005 - DATE AND TIME OF LATEST TRANSACTION
control field 20170203121617.0
010 ## - LCCN (DPL NO)
LC control number ENG-107172
020 ## - INTERNATIONAL STANDARD BOOK NUMBER
International Standard Book Number 9788180549441
Terms of availability 425.00
035 ## - SYSTEM CONTROL NUMBER
System control number EN-90705
037 ## - SOURCE OF ACQUISITION
Source of stock number/acquisition DBAD/PUB
082 ## - DEWEY DECIMAL CLASSIFICATION NUMBER
Classification number 658.1511
100 ## - MAIN ENTRY--PERSONAL NAME
Personal name Maheshwari, S. N.
245 ## - TITLE STATEMENT
Title Accounting for management /
Statement of responsibility, etc by S. N. Maheshwari [and] Sharad K. Maheshwari
250 ## - EDITION STATEMENT
Edition statement 3rd rev. & enl. ed
260 ## - PUBLICATION, DISTRIBUTION, ETC. (IMPRINT)
Place of publication, distribution, etc New Delhi
Name of publisher, distributor, etc Sultan Chand
Date of publication, distribution, etc 2012
270 ## - ADDRESS
Address 23, Daryaganj
City New Delhi
Postal code 110002
300 ## - PHYSICAL DESCRIPTION
Extent various pagings
Dimensions 25cm(pbk)
520 ## - SUMMARY, ETC.
Summary, etc 13-14EN
700 ## - ADDED ENTRY--PERSONAL NAME
Personal name Maheshwari, Sharad K.
942 ## - ADDED ENTRY ELEMENTS (KOHA)
Source of classification or shelving scheme Dewey Decimal Classification
Item type English Books
Call number suffix MAH
Classification part 658.1511
Holdings
Withdrawn status Lost status Not for loan Collection code Home library Current library Date acquired Source of acquisition Cost, normal purchase price Full call number Barcode Copy number Cost, replacement price Koha item type
    Not For Loan Non-fiction D.B.Act.Division D.B.Act.Division 15/05/2013 DBAD/PUB 425.00 658.1511 MAH EN-90705 1 425.00 English Books

© Delhi Public Library
Hit Counter
free hit counter